Online Catalogue and eLibrary

Unbroken chains : (Record no. 2611)

MARC details
000 -LEADER
fixed length control field 01025nam a2200145Ia 4500
005 - DATE AND TIME OF LATEST TRANSACTION
control field 20240419024950.0
008 - FIXED-LENGTH DATA ELEMENTS--GENERAL INFORMATION
fixed length control field 240331s9999 xx 000 0 und d
082 ## - DDC Classification
Item Number - Author Mark UNB
Class No. 331.4
100 ## - MAIN ENTRY--PERSONAL NAME
Personal name Ann, Adele
245 #0 - TITLE STATEMENT
Title Unbroken chains :
Remainder of title exploations into the Jaffna dowry system
Statement of responsibility, etc. Adele, Ann
260 ## - PUBLICATION, DISTRIBUTION, ETC.
Place of publication, distribution, etc. Jaffna:
Name of publisher, distributor, etc. Malathi press ,
Date of publication, distribution, etc. 1994,
300 ## - PHYSICAL DESCRIPTION
Extent (e.g. Volumes, Pages etc.) 66 p .,
500 ## - GENERAL NOTE
General note " UNBROKEN CHAINS " is an attempt to explore one of the most complex social issues confronting the Tamil people of Jaffna - the dowry system. The dowry system as practiced in the Jaffna social formation is a deeply institutionalized, intractable customary practice. it has its own peculiarities and unique history: it is bound up with property relations and socio - cultural practices: it is a major source of the social oppression of women. we systematically explore various socio - cultural issues related to the practice and conclude with an exposition of possible ways and means of eradicating this mode of social oppression of women
942 ## - Koha item type (Biblio)
Koha item type Books in Stacks (Lending)
Holdings
Lost status Damaged status Collection code Home library Current library Shelving location Date acquired Full call number Accession Number Item type
    Lending WERC Library WERC Library Social Science Cupboard 03/31/2024 331.4 ANN 3610 Books in Stacks (Lending)

© WERC Library